| 000 | 00475nam a2200193Ia 4500 | ||
|---|---|---|---|
| 003 | GCL | ||
| 008 | 140319s9999 xx 000 0 aGer d | ||
| 040 |
_aGCL / _cGCL |
||
| 082 | 0 | 4 |
_a708.43 _bP L |
| 245 | 1 | 0 | _aLORE BERT |
| 260 |
_aالمانيا : _bPRESIDENCA DO CONSELIO DE MINISTROS ، _c1996 |
||
| 300 |
_a24 CM ؛ _c95 P |
||
| 650 | 0 | 4 | _aMUSEUMS |
| 650 | 0 | 4 | _aBERT, LORE |
| 650 | 0 | 4 | _aARTS |
| 650 | 0 | 4 | _aDECORATIVE ARTS |
| 650 | 0 | 4 | _aDE'COUPAGE |
| 942 |
_2ddc _cBK |
||
| 999 |
_c14414 _d14414 |
||